000 00181 a2200097 4500
020 _a9780312429980
041 _aeng
100 _aMantel, Hilary
245 _aWolf Hall
942 _cBK
999 _c29760
_d29758